Načítá se...
Musical instruments Of India
| Hlavní autor: | |
|---|---|
| Médium: | Printed Book |
| Vydáno: |
New Delhi;
|
| Témata: |
| LEADER | 00425nam a22001337a 4500 | ||
|---|---|---|---|
| 082 | |a 780 |b KRI/M | ||
| 100 | |a Krishnaswami |9 318317 | ||
| 245 | |a Musical instruments Of India | ||
| 260 | |a New Delhi; | ||
| 300 | |a 52 | ||
| 650 | |a English; Music |9 318294 | ||
| 942 | |c BK | ||
| 999 | |c 76249 |d 76249 | ||
| 952 | |0 0 |1 0 |4 0 |6 780_000000000000000_KRI_M |7 0 |8 Mus |9 89539 |a MAL |b MAL |d 2017-04-01 |e 28680 |g 5.00 |l 0 |o 780 KRI/M |p MAL028680 |r 2017-04-01 |t 1 |w 2017-04-01 |y BK | ||